| 000 | 01480pam a22003734a 4500 | ||
|---|---|---|---|
| 001 | 5623487 | ||
| 003 | ARRUPE | ||
| 005 | 20140604144916.0 | ||
| 008 | 051103s2006 nyua b 001 0 eng c | ||
| 010 | _a 2005032184 | ||
| 015 |
_aGBA633879 _2bnb |
||
| 016 | 7 |
_a013431696 _2Uk |
|
| 020 | _a0801444217 (cloth : alk. paper) | ||
| 020 | _a0801473004 (pbk. : alk. paper) | ||
| 024 | 3 | _a9780801444210 | |
| 024 | 3 | _a9780801473005 | |
| 035 | _a(OCoLC)OCM62290503 | ||
| 035 | _a(NNC)5623487 | ||
| 040 |
_aNIC/DLC _cDLC _dBAKER _dUKM _dC#P _dOrLoB-B |
||
| 042 | _apcc | ||
| 050 | 0 | 0 |
_aB2430.B43 _bG76 2006 |
| 082 | 0 | 0 |
_a194 _222 |
| 100 | 1 |
_aGuerlac, Suzanne, _d1950- _910588 |
|
| 245 | 1 | 0 |
_aThinking in time : _ban introduction to Henri Bergson / _cSuzanne Guerlac. |
| 260 |
_aIthaca, N.Y. : _bCornell University Press, _c2006. |
||
| 300 |
_axiv, 230 p. : _bill. ; _c24 cm. |
||
| 504 | _aIncludes bibliographical references (p. [215]-224) and index. | ||
| 505 | 0 | 0 |
_g1. _tBergson and Bergsonisms -- _g2. _tFrom the certainties of mechanism to the anxieties of indeterminism -- _g3. _tTime and free will (essai sur les donné́es immédiates de la conscience) -- _g4. _tMatter and memory -- _g5. _tChannels of contemporary reception -- _g6. _tCurrent issues. |
| 600 | 1 | 0 |
_aBergson, Henri, _d1859-1941. _910589 |
| 856 | 4 | 1 |
_3Table of contents _uhttp://www.loc.gov/catdir/toc/ecip063/2005032184.html |
| 900 | _bTOC | ||
| 942 |
_2lcc _cMONOGRAPH |
||
| 948 | 1 |
_a20060518 _bc _crad1 _dMPS |
|
| 999 |
_c120612 _d120612 |
||